Szczegóły MARC21

Zagraniczne migracje zarobkowe : raport pobadawczy /

003 -Nazwa inst., której nr kontr. jest w polu 001 [,]
    • @
    • Nazwa instytucji, której n kontrolny jest w polu 001
    • NUKAT
005 -DATA I CZAS OSTATNIEJ MODYFIKACJI [,]
    • @
    • pole kontrolne
    • 20241231103244.0
040 -Instytucja sporządzająca opis [ , ]
    • a
    • Instytucja, która sporządziła opis (NP)
    • KR U/39KP
    • c
    • Instytucja, która sporządziła rekord (NP)
    • KR U/39KPs
942 -Rodzaj dokumentu [ , ]
    • c
    • Rodzaj dokumentu
    • Książka
245 -Strefa tytułu i oznaczenia odpowiedzialności [0,0]
    • a
    • Tytuł
    • Zagraniczne migracje zarobkowe : Find
    • b
    • Ciąg dalszy tytułu (NP)
    • raport pobadawczy / Find
    • c
    • Pozostałe elementy strefy tytułu i oznaczenia odpowiedzialności (NP)
    • Wojewódzki Urząd Pracy w Szczecinie.
260 -Strefa adresu wydawniczego [ , ]
    • a
    • Miejsce wydania (P)
    • Szczecin :
    • b
    • Nazwa wydawcy (P)
    • Wojewódzki Urząd Pracy,
    • c
    • Data wydania (P)
    • 2009.
300 -Strefa opisu fizycznego [ , ]
    • a
    • Określenie formy książki i/lub objętość (NP)
    • 64 s. :
    • b
    • Oznaczenie ilustracji (NP)
    • il. kolor. ;
    • c
    • Format (NP)
    • 24 cm.
336 -Typ zawartości [ , ]
    • a
    • Termin opisujący typ zawartości
    • Tekst
    • b
    • Kod określający zawartość
    • txt
    • 2
    • Źródło (terminu i kodu)
    • rdacontent
337 -Typ mediów [ , ]
    • a
    • Tryb odtwarzania
    • Bez urządzenia pośredniczącego
    • b
    • Kod typu mediów
    • n
    • 2
    • Źródło (terminu i kodu)
    • rdamedia
338 -Typ/rodzaj nośnika [ , ]
    • a
    • Hasło opisujące typ nośnika
    • Wolumin
    • b
    • Kod typu nośnika
    • nc
    • 2
    • Źródło (terminu i kodu)
    • rdacarrier
500 -Uwaga ogólna [ , ]
    • a
    • Uwaga ogólna (NP)
    • Niniejsza publikacja została sfinansowana ze środków projektu „Regionalny Barometr Rynku Pracy i Edukacji” współfinansowanego przez Unię Europejską w ramach Europejskiego Funduszu Społecznego i Budżetu Państwa. Poddziałanie 6.1.1 Programu Operacyjnego Kapitał Ludzki 2007-2013.
080 -Uniwersalna Klasyfikacja Dziesiętna [ , ]
    • 2
    • Identyfikator wydania tablic
    • UDC-P058
    • 9
    • UKD
    • 2737
    • a
    • Symbol klasyfikacji
    • 314.15-026.49
    • b
    • Dopowiedzenie
    • Emigracja. Emigracja stała.
    • 4
    • UKD2
    • 7642
    • x
    • Poddział wspólny
    • (438)
    • c
    • Dopowiedzenie poddz. wspólnego
    • (Polska).
    • 4
    • UKD2
    • 8220
    • x
    • Poddział wspólny
    • "20"
    • c
    • Dopowiedzenie poddz. wspólnego
    • Wiek XXI.
    • 4
    • UKD2
    • 13163
    • x
    • Poddział wspólny
    • (083.41)
    • c
    • Dopowiedzenie poddz. wspólnego
    • (Tablice statystyczne, dane statystyczne).
080 -Uniwersalna Klasyfikacja Dziesiętna [ , ]
    • 2
    • Identyfikator wydania tablic
    • UDC-P058
    • 9
    • UKD
    • 3052
    • a
    • Symbol klasyfikacji
    • 331.5
    • b
    • Dopowiedzenie
    • Rynek pracy. Zatrudnienie. Pełne zatrudnienie. Brak sił roboczych. Ruchliwość sił roboczych. Obcokrajowe siły robocze. Zatrudnienie cudzoziemców. Gastarbeiterzy. Praca za granicą. Rehabilitacja zawodowa.
    • 4
    • UKD2
    • 8220
    • x
    • Poddział wspólny
    • "20"
    • c
    • Dopowiedzenie poddz. wspólnego
    • Wiek XXI.
    • 4
    • UKD2
    • 13163
    • x
    • Poddział wspólny
    • (083.41)
    • c
    • Dopowiedzenie poddz. wspólnego
    • (Tablice statystyczne, dane statystyczne).
650 -Hasło przedmiotowe [ ,7]
    • a
    • Hasło przedmiotowe
    • Migranci zarobkowi
    • z
    • Określnik geograficzny
    • Polska
    • z
    • Określnik geograficzny
    • Zachodniopomorskie, Województwo (1999- ).
    • 2
    • Źródło terminu
    • kaba
    • 9
    • KHW
    • 382420
651 -Hasło przedmiotowe w formie nazwy geograficznej [ ,7]
    • a
    • Nazwa geograficzna
    • Polska
    • x
    • Określnik rzeczowy
    • emigracja i imigracja
    • y
    • Określnik chronologiczny
    • 1990-.
    • 2
    • Źródło terminu
    • kaba
    • 9
    • KHW
    • 362238
980 -Symbol UKD [ , ]
    • a
    • UKD
    • 314.15-026.49(438):331.5]"20"(083.41)
710 -Hasło dodatkowe - nazwa ciała zbiorowego [1, ]
    • a
    • Nazwa ciała zbiorowego lub nazwa geograficzna jako pierwszy element (NP)
    • Województwo Zachodniopomorskie (Polska).
    • b
    • Nazwa jednostki podrzędnej (P)
    • Wojewódzki Urząd Pracy (Szczecin).
    • 9
    • KHW
    • 93102
Status udost. Numer inwentarzowy Sygnatura Lokalizacja Data inwentaryzacji
-2T.18636T.18636T2014-12-31
-2TM.12057TM.12057T2014-12-31